000 00574nam a2200205Ia 4500
003 GCL
008 140319s9999 xx 000 0 ara d
040 _aGCL /
_cGCL
082 0 4 _a530.11
_bر ا
100 1 _aفؤاد كامل (مترجم)
245 1 0 _aالف باء النسبية /
_cفؤاد كامل (مترجم)
700 1 _aرسل ، برتراند
700 1 _aمحمد مرسى احمد
300 _a150 ص
490 _aالالف كتاب
_v0
650 0 4 _aالفيزياء
650 0 4 _aاينشتين
650 0 4 _aالنسبية
942 _2ddc
_cBK
999 _c42789
_d42789